Logo BPK

Biblioteka

Politechniki Koszalińskiej

Pa Svenska : (Rekord nr 5336)

Szczegóły MARC
000 -ETYKIETA REKORDU
podpole kontrolne o stałej długości 00421nam a2200157 i 4500
001 - NUMER KONTROLNY REKORDU
pole kontrolne bg
040 ## - ŹRÓDŁO KATALOGOWANIA
Instytucja, która utworzyła rekord BPK
041 ## - KOD JĘZYKA
Kod języka tekstu pol
008 - POLE O STAŁEJ DŁUGOŚCI - DANE KONTROLNE
podpole kontrolne o stałej długości s pl f |000 0 pol
100 1# - NAZWA OSOBOWA
Nazwa osobowa LINDQUIST, M.
245 #0 - TYTUŁ/ODPOWIEDZIALNOŚĆ
Tytuł Pa Svenska :
Ciąg dalszy tytułu podręcznik do nauki języka szwedzkiego dla początkujących /
Pozostałe elementy strefy tytułu i oznaczenia odpowiedzialności M. Lindquist, M. Stypińska.
250 ## - STREFA WYDANIA
Oznaczenie wydania Wyd.4.
260 ## - STREFA ADRESU WYDAWNICZEGO
Miejsce wydania Warszawa,
Data publikacji, dystrybucji/powstania dokumentu 1977.
700 1# - HASŁO DODATKOWE - NAZWA OSOBOWA
Nazwa osobowa STYPIŃSKA, M.
856 ## - LOKALIZACJA I DOSTĘP DO ELEKTRONICZNYCH DOKUMENTÓW ZDALNYCH
Link (URL) http://koha.tu.koszalin.pl/cgi-bin/koha/opac-detail.pl?biblionumber=5336
Tekst linku Katalog online BPK
942 ## - DODATKOWE ELEMENTY (KOHA)
Typ dokumentu Książka
Egzemplarze
Wycofany Status egzemplarza Uszkodzony Dostępność Lokalizacja stała Lokalizacja bieżąca Miejsce przechowywania Sygnatura Kod kreskowy Typ dokumentu
      Dostępny Biblioteka Politechniki Koszalińskiej Biblioteka Politechniki Koszalińskiej Wypożyczalnia BG P 44299 02020372 Książka
      Dostępny Biblioteka Politechniki Koszalińskiej Biblioteka Politechniki Koszalińskiej Wypożyczalnia BG P 44300 02206592 Książka
© 2023 Biblioteka Politechniki Koszalińskiej :: KOHA